Dead Cells Biomes - Statistics

General Stats
  • This quiz has been taken 70 times
  • The average score is 25 of 38
Answer Stats
Hint Answer % Correct
Area 1 Toxic Sewers
98%
Boss 1 Black Bridge
85%
Area 2 Ancient Sewers
83%
Boss 2 Clock Room
81%
Area 4 Clock Tower
81%
Area 1 Promenade of the Condemned
81%
Boss 3 Throne Room
81%
Starting Area Prisoner's Quarters
79%
Area 3 Graveyard
77%
Area 2 Ossuary
77%
Area 2 Ramparts
77%
Area 2 (DLC) Morass of the Banished
70%
Area 3 Stilt Village
70%
Area 5 High Peak Castle
68%
Area 3 Slumbering Sanctuary
68%
Optional Corrupted Prison
66%
Boss 3 (DLC) The Lighthouse
66%
Boss 4 (DLC) The Lighthouse
66%
Area 4 Cavern
64%
Area 3 (DLC) Fractured Shrines
64%
Boss 1 Insufferable Crypt
64%
Can appear anywhere The bank
64%
Boss 2 (DLC) Mausoleum
62%
Area 4 (DLC) Undying Shores
62%
Area (Castlevania DLC) Dracula's Castle
60%
Boss 1 (DLC) The Nest
60%
Area 5 Derelict Distillery
57%
Area 1 (DLC) Dilapidated Arboretum
57%
Area 4 Forgotten Sepulcher
57%
Optional Prison Depths
57%
Area (Castlevania DLC) Castle Outskirts
55%
Boss 2 Guardian's Haven
53%
Area 5 (DLC) The Infested Shipwreck
53%
Boss 4 (5 BC) Observatory
51%
Area 6 (5 BC) Astrolab
45%
Boss (Castlevania DLC) Master's Keep
45%
Mode (Castlevania DLC) Richter Mode
32%
Boss (Castlevania DLC) Defiled Necropolis
30%
No matching quizzes found
Score Distribution
Percent of People with Each Score
Percentile by Number Answered
Your Score History
You have not taken this quiz